000 00720 a2200217 4500
010 _aENG-89900
020 _a8180900622
_c500.00
035 _aEN-73433
037 _bDBAD / PUB
082 1 4 _a181.46
090 _c11938
_d11938
100 1 _aMahadevan, T.M.P.
245 1 _aThe philosophy of advaita/
_cby T.M.P. Mahadevan
250 _arev. ed
260 _aDelhi
_bBharatiya Kala Prakashan
_c2006
270 _a3421-A, IInd Floor, Narang Colony, Tri Nagar
_bDelhi
_cDelhi
_e110035
_k27393083, 30967505
300 _axv, 256p.
_c21 cm. (Hb)
500 _aIncludes index.
942 _adpl
_cEN
_k181.46 / MAH
999 _c11584
_d11584